Welfare gains from supply stabilization in the orange industry of Florida /
Saved in:
| Main Author: | |
|---|---|
| Format: | Thesis Book |
| Language: | English |
| Published: |
Florida :
University of Florida,
1975.
|
| Subjects: | |
| Tags: |
Add Tag
No Tags, Be the first to tag this record!
|
| LEADER | 00965cam a2200277 4500 | ||
|---|---|---|---|
| 001 | u30749 | ||
| 003 | SIRSI | ||
| 008 | 830226s1975 us a v 00 1 eng | ||
| 035 | |a AAD-3174 | ||
| 040 | |a UMM |d UME | ||
| 043 | |a n-us-fl | ||
| 090 | |a HD9259 |b O8U5Yeo | ||
| 099 | |a 338.174 31 |b Yeo | ||
| 100 | 1 | 0 | |a Yeoh, Oon Lee. |
| 245 | 1 | 0 | |a Welfare gains from supply stabilization in the orange industry of Florida / |c Yeoh Oon Lee. |
| 260 | |a Florida : |b University of Florida, |c 1975. | ||
| 300 | |a viii, [124] p. : |b tables ; |c 29 cm. | ||
| 500 | |a Typescript. | ||
| 502 | |a Thesis (Ph.D.) - University of Florida, 1975. | ||
| 504 | |a Bibliography: p. 120-(123). | ||
| 650 | 0 | |a Oranges |z Florida. | |
| 650 | 0 | |a Supply and demand |x Mathematical models. | |
| 948 | |a 16/03/1991 |b 25/09/2003 | ||
| 596 | |a 1 | ||
| 999 | |a HD9259 O8U5YEO |w LC |c 1 |i A500000153 |l STACKS |m P01UTAMA |r Y |s Y |t TESIS |u 24/10/1991 | ||
| 999 | |a HD9259 O8U5YEO |w LC |c 2 |i A002712738 |l STACKS |m P01UTAMA |r Y |s Y |t TESIS |u 5/6/1992 | ||
